| 000 | 00880nam a2200265 a 4500 | ||
|---|---|---|---|
| 001 | BRCA_5287 | ||
| 005 | 20190320205021.0 | ||
| 008 | 011210s1977----it-a######---#000-0#fre-# | ||
| 020 | _a2880010438 | ||
| 041 | _afre | ||
| 044 | _ait | ||
| 050 | 4 |
_aNK5198 _b.P47 1977 |
|
| 100 | 1 |
_aPercy, Christopher Vane _92721 |
|
| 245 | 1 | 0 |
_aLalique Verrier _bguide du collectionneur _cChristopher Vane Percy. |
| 260 |
_aItalia _bEdita : Denoël _c1977 |
||
| 300 |
_a190 p. _bil. (algunas a color) _c31 cm. |
||
| 500 | _aIncluye lista de ilustraciones e índice alfabético | ||
| 500 | _aTraducción de: The Glass of Lalique: a Collector´s Guide | ||
| 500 | _aDonación Dr. Héctor Rivero Borrell Vázquez | ||
| 504 | _aBibliografía: p. 186 | ||
| 650 | 1 | 4 |
_aVerrier, Lalique _913552 |
| 650 | 1 | 4 |
_aCritalería _xHistoria _ySiglo XIX-XX _zFrancia _913553 |
| 902 | _aDHR | ||
| 942 |
_2lcc _cB |
||
| 999 |
_c4981 _d4981 |
||